Open Data Biblioteca Nacional de Portugal


República Portuguesa: Ministério da Cultura
Biblioteca Nacional de Portugal

Catálogo da BNP: acesso por Identificadores Unívocos
Registos Bibliográficos associados ao registo de autoridade

Etiqueta de registo: 00254nam 2200025 450
001 2283303
003 http://id.bnportugal.gov.pt/bib/catbnp/2283303
010 ## $a978-972-9141-85-0
021 ## $aPT$b560726/26
100 ## $a20260331d2026 m d0pory01030103ba
101 0# $apor
102 ## $aPT
105 ## $aa z 000gy
106 ## $ar
200 1# $aDe verso em verso... cinco silêncios, seis vozes$eantologia de poemas$fAndreia Jesus... [et al.]$gcoord. Joana Martins
205 ## $a1ª ed
210 #9 $aFunchal$cCâmara Municipal do Funchal,$d2026
215 ## $a69, [3] p.$cil.$d21 cm
675 ## $a821.134.3-1"20"$vBN$zpor$31023893
701 #1 $aJesus,$bAndreia$4070$31994355
702 #1 $aMartins,$bJoana$4340$31226479
801 #0 $aPT$bBN$gRPC
856 41 $uhttp://rnod.bnportugal.gov.pt/ImagesBN/winlibimg.aspx?skey=&doc=2283303&img=222194&save=true
900 ## $aBIBNAC$d20260514
966 ## $lBN$mFGMON$sL. 181801 V.$x1
971 ## $cabrito$d20260331
972 ## $e0$z0$d20260514$vasantos
973 ## $csteixeira$d20260507

OpendataBNP@bnportugal.pt | Mais informação sobre acesso aos dados BNP